ბათუმის შოთა რუსთაველის სახელმწიფო უნივერსიტეტის ბიბლიოთეკა

საღმრთო ისტორია : (ბიბ.ჩანაწერი № 37739)

000 -ლიდერი
ფიქსირებული სიგრძის საკონტროლო ველი 01494nam a2200289Ia 4500
001 - საკონტროლო ნომერი
საკონტროლო ველი 3714
003 - საკონტროლო ნომრის იდენტიფიკატორი
საკონტროლო ველი GE_BSU
005 - ბოლო ოპერაციის თარიღი და დრო
საკონტროლო ველი 20190627214711.0
008 - ფიქსირებული სიგრძის მონაცემთა ელემენტები - ზოგადი ინფორმაცია
ფიქსირებული სიგრძის საკონტროლო ველი 181216s2012||||ge |||||||||||||| ||geo||
020 ## - წიგნის საერთაშორისო სტანდარტული ნომერი
International Standard Book Number 978994196676
040 ## - კატალოგიზაციის წყარო
Transcribing agency GE_BSU
041 ## - ენის კოდი
Language code of text/sound track or separate title geo
080 ## - უნივერსალური ათობითი კლასიფიკაციის ინდექსი
Universal Decimal Classification number 27-9+27-242+27-246 გ–59
100 ## - მთავარი ჩანაწერი - პიროვნების სახელი
Personal name გოგებაშვილი, იაკობ
9 (RLIN) 2095
245 ## - ცნობა სათაურის შესახებ
Title საღმრთო ისტორია :
Remainder of title კოლექცია ბავშვებისათვის : [24 წიგნად]. წ. 20 /
Statement of responsibility, etc ტექსტის რედ. მუშაობდნენ: ზურაბ სარჯველაძე, თამაზ ტონია, თამაზ ჩუბინიძე.
264 ## - წარმოების, გამოცემის, დისტრიბუციის და სხვა ცნობები
გამოცემის, წარმოების, დისტრიბუციის... ადგილი თბილისი :
გამოცემის, წარმოების, დისტრიბუციის... სახელწოდება პალიტრა L,
გამოცემის, წარმოების, დისტრიბუციის... თარიღი 2012.
300 ## - ფიზიკური აღწერა
Extent 47 გვ.;
Other physical details 20 სმ.
490 ## - სერიის ცნობა
Series statement ჟურნალ "კარიბჭის" ბიბლიოთეკა
653 ## - INDEX TERM--UNCONTROLLED
Uncontrolled term რელიგია
653 ## - INDEX TERM--UNCONTROLLED
Uncontrolled term ქრისტიანობა
700 ## - ADDED ENTRY--PERSONAL NAME
Personal name სარჯველაძე, ზურაბ
Relator term რედაქტორი
9 (RLIN) 3040
700 ## - ADDED ENTRY--PERSONAL NAME
Personal name ტონია, თამაზ
Relator term რედაქტორი
9 (RLIN) 3041
700 ## - ADDED ENTRY--PERSONAL NAME
Personal name ჩუბინიძე, თამაზ
Relator term რედაქტორი
9 (RLIN) 2098
700 ## - ADDED ENTRY--PERSONAL NAME
Personal name კაკაბაძე, გოჩა
Relator term მხატვარი
9 (RLIN) 2099
700 ## - ADDED ENTRY--PERSONAL NAME
Personal name შენგელია, მამუკა
Relator term მხატვარი
9 (RLIN) 2100
942 ## - ADDED ENTRY ELEMENTS (KOHA)
Koha item type წიგნი
Source of classification or shelving scheme
ეგზემპლარები
ჩამოწერის სტატუსი დაკარგული ეგზემპლარის სტატუსი კლასიფიკაციის წყარო ან თაროზე გაწყობის სქემა დაზიანების სტატუსი არ გაიცემა მუდმივი მდებარეობა (დაცვის ადგილი) ამჟამინდელი ადგილსამყოფელი თაროზე განთავსების ადგილი შეძენის თარიღი ღირებულება, შესყიდვის ნორმალური ფასი სრული შენახვის შიფრი შტრიხკოდი ბოლო ოპერაციის თარიღი ეგზემპლარის მიმდევრობითი ნომერი (კეტერი?) ფასის ძალაში შესვლის თარიღი ეგზემპლარის სახეობა საჯარო შენიშვნა
          ბათუმის შოთა რუსთაველის სახელმწიფო უნივერსიტეტის მთავარი ბიბლიოთეკა ბათუმის შოთა რუსთაველის სახელმწიფო უნივერსიტეტის მთავარი ბიბლიოთეკა წიგნსაცავი 2018-12-17 3.00 27-9+27-242+27-246 5280 2018-12-17 5280 2018-12-17 წიგნი 3 ლ.